| 000 | 00976nam a2200277Ia 4500 | ||
|---|---|---|---|
| 005 | 20220317001435.0 | ||
| 008 | 161108s2005 sp a g 000 j spa | ||
| 020 | _a9788472902770 | ||
| 100 | 1 | _aMoncó, Beatriz | |
| 245 | 1 | 4 |
_aLos hombres no pegan _cescrito por Beatriz Moncó ; ilustrado por Mabel Piérola |
| 250 | _aPrimera edición | ||
| 264 |
_aBarcelona _bBellaterra _c2005 |
||
| 300 |
_a35 páginas _bilustraciones a color _c33 cm. |
||
| 336 |
_atexto _btxt _2rdacontent |
||
| 337 |
_asin mediación _bn _2rdamedia |
||
| 338 |
_avolumen _bnc _2rdacarrier |
||
| 650 | 1 | 4 |
_2LEMB _aCuentos infantiles españoles |
| 650 | 1 | 4 |
_2LEMB _aLiteratura infantil española |
| 650 | 1 | 4 |
_2LEMB _aViolencia familiar _vCuento infantil |
| 650 | 1 | 4 |
_2LEMB _aViolencia contra la mujer _vCuento infantil |
| 650 | 1 | 4 |
_2LEMB _aNiños _vCuento infantil |
| 700 | 1 |
_aPiérola, Mabel _eilustradora _9104660 |
|
| 942 |
_2loc _cBKINF |
||
| 040 |
_aCO-BoRNBP _bspa _erda _cCO-BoRNBP |
||
| 084 | _aC MON24 | ||
| 999 |
_c6990 _d6990 |
||